| 000 | 01376ngm a22003490a 4500 | ||
|---|---|---|---|
| 001 | PT45362 | ||
| 003 | AR-LpoUNG | ||
| 005 | 20210201235951.0 | ||
| 007 | vd cvaizq | ||
| 008 | 191001s1992||||ag |||||||||||||||||spa d | ||
| 040 |
_aAR-LpoUNG _bspa _cAR-LpoUNG _eaacr |
||
| 041 | _aspa | ||
| 044 | _aag | ||
| 082 | 0 | _a302.17 381rap | |
| 100 | 1 |
_aRejtman, Martín _edir. |
|
| 245 | 1 | 0 | _aRapado |
| 260 |
_aBuenos Aires : _bTranseuropa, _c1992. |
||
| 300 | _aDVD (104 min.) : son., col., byn | ||
| 505 | 0 | _aRapado: guión Martín Rejtman, sobre cuentos de Martín Rejtman. Producción: Alejandro Agresti. Música: Paul M. Van Brugge, Fabio Suárez. Incluye el cortometraje Doli vuelve a casa. Intérpretes: Rosario Bléfari. Sonido: Jésica Suárez. Subtítulos en inglés, francés y portugués. | |
| 520 | _aUn joven veinteañero, al que le roban su motocicleta, a su vez se apodera de un vehículo similar en vez de hacer la correspondiente denuncia. Es esta trama el énfasis aparece como lo prohibido inclinándose por la sutileza descriptiva monocorde y aséptica. | ||
| 650 | 4 | _aASPECTOS PSICOLOGICOS | |
| 650 | 4 | _aDESCONTENTO DE LOS JOVENES | |
| 650 | 4 | _aDRAMA | |
| 650 | 4 | _aJUVENTUD URBANA | |
| 650 | 4 | _aMEDIO URBANO | |
| 651 | 4 | _aArgentina | |
| 653 | _aAPATIA | ||
| 653 | _aCINE ARGENTINO | ||
| 653 | _aVIDEOS | ||
| 905 | _a45362 | ||
| 942 | _cDVD | ||
| 999 |
_c53883 _d53883 |
||